000 00230nmm a2200085Ia 4500
008 220120s9999||||xx |||||||||||||||||und||
100 _aDigit
245 0 _aSplinter cell : Choose theory simply mepis 3.3. J Builder 20
260 _c2005
999 _c138621
_d138621